[Event "subzonal 8A"]
[Site "Pinar del Rio CUB"]
[Date "1990.01.??"]
[Round "1"]
[White "Arencibia Rodriguez, Walter"]
[Black "Rodriguez Cespedes, Amador"]
[Result "1/2-1/2"]
[WhiteElo "2425"]
[BlackElo "2495"]
[EventDate "1990.01.15"]
[PlyCount "88"]

1.d4 Nf6 2.c4 e6 3.Nc3 Bb4 4.f3 c5 5.d5 Bxc3+ 6.bxc3 d6 7.e4 e5 8.Bd3 Nbd7
9.h4 h5 10.Ne2 Qe7 11.Ng3 g6 12.Rb1 Kf8 13.Nf1 Kg7 14.Ne3 Ne8 15.Rb2 Rb8 
16.g4 Ndf6 17.Rf2 b6 18.a4 Rb7 19.Qe2 Kf8 20.g5 Nd7 21.Nc2 Kg7 22.Be3 Rf8 
23.Kd2 Kg8 24.Rff1 Kg7 25.Qh2 Kg8 26.Rhg1 Kg7 27.Na3 Kh7 28.Nb5 a6 29.Na3 
f6 30.gxf6 Ndxf6 31.Qg3 Qg7 32.Rb1 Rbf7 33.Be2 Nd7 34.Rg2 Rg8 35.Nc2 a5 
36.Rbg1 Qf8 37.Ne1 Ba6 38.Qh3 Nc7 39.Rg3 Qe8 40.Qg2 Rf6 41.Rh3 Rf7 42.Qg5 
Kh8 43.Nc2 Nf6 44.Ra1 Bc8 1/2-1/2

[Event "subzonal 8A"]
[Site "Pinar del Rio CUB"]
[Date "1990.01.??"]
[Round "1"]
[White "Paneque Martin, Pedro"]
[Black "Diaz Diaz, Joaquin"]
[Result "0-1"]
[WhiteElo "2380"]
[BlackElo "2410"]
[EventDate "1990.01.15"]
[PlyCount "46"]

1.e4 e5 2.Nf3 Nc6 3.Bc4 Bc5 4.c3 Nf6 5.d3 d6 6.O-O Bb6 7.Nbd2 Qe7 8.a4 a6 
9.Ba2 h6 10.Nc4 Ba7 11.h3 O-O 12.Be3 Be6 13.Bxa7 Rxa7 14.Ne3 Bxa2 15.Rxa2 
Qe6 16.Ra1 d5 17.Qc2 Ne7 18.Rfe1 dxe4 19.dxe4 Raa8 20.a5 Rfd8 21.Ra3 Nc6 
22.Qa4 Rd3 23.Qc4 Rxe3 0-1

[Event "subzonal 8A"]
[Site "Pinar del Rio CUB"]
[Date "1990.01.??"]
[Round "1"]
[White "Santana Otero, Orlando"]
[Black "Sariego Figueredo, Wilfredo"]
[Result "0-1"]
[WhiteElo "2270"]
[BlackElo "2405"]
[EventDate "1990.01.15"]
[PlyCount "120"]

1.e4 d5 2.exd5 Nf6 3.d4 Nxd5 4.Be2 g6 5.Nf3 Bg7 6.O-O O-O 7.Re1 Nc6 8.c4 
Nb6 9.d5 Ne5 10.Nxe5 Bxe5 11.Nc3 e6 12.g3 Re8 13.Bh6 exd5 14.c5 d4 15.cxb6
dxc3 16.Qxd8 Rxd8 17.bxc7 Bxc7 18.bxc3 Be6 19.Bf3 Rab8 20.Rad1 Rxd1 21.
Rxd1 b6 22.a3 Be5 23.Rd3 a5 24.Kg2 Bc4 25.Re3 Bd6 26.a4 b5 27.axb5 a4 28.
Re1 Bxb5 29.Bd5 Rc8 30.c4 Bd7 31.Bf4 Bxf4 32.gxf4 Bc6 33.Ra1 Bxd5+ 34.cxd5
Rc4 35.d6 Kf8 36.Kf3 f5 37.Re1 Rd4 38.Re7 Rxd6 39.Ra7 Rd3+ 40.Ke2 Rd4 41.
Rxh7 Rxf4 42.Ke3 Re4+ 43.Kf3 Re7 44.Rh8+ Kg7 45.Ra8 Re4 46.Ra6 Kh6 47.Kg3 
Rg4+ 48.Kh3 Kh5 49.f3 Rb4 50.Ra5 Rb3 51.Kg3 a3 52.h4 Rc3 53.Ra8 g5 54.hxg5
Kxg5 55.Ra5 Rb3 56.Ra4 Kf6 57.Ra5 Ke6 58.Kf4 Rd3 59.Re5+ Kd6 60.Ra5 Kc6 
0-1

[Event "subzonal 8A"]
[Site "Pinar del Rio CUB"]
[Date "1990.01.??"]
[Round "2"]
[White "Arencibia Rodriguez, Walter"]
[Black "Borges Matos, Juan"]
[Result "1-0"]
[WhiteElo "2425"]
[BlackElo "2500"]
[EventDate "1990.01.15"]
[PlyCount "65"]

1.d4 Nf6 2.c4 e6 3.Nc3 d5 4.cxd5 exd5 5.Bg5 c6 6.e3 Be7 7.Bd3 Nbd7 8.Nge2 
O-O 9.h3 Re8 10.Qc2 a5 11.g4 Nf8 12.Ng3 Ne6 13.Bxf6 Bxf6 14.Bxh7+ Kh8 15.
O-O-O g6 16.Bxg6 fxg6 17.Qxg6 Ng7 18.g5 Bxg5 19.h4 Bf6 20.Rhg1 Re6 21.Qh6+
Kg8 22.Nh5 Qe7 23.Rg6 Bxd4 24.Rxd4 Rxg6 25.Qxg6 Bf5 26.Nf6+ Kf8 27.Qh6 Kf7
28.Ng4 Rf8 29.Qf4 Kg8 30.Qg3 Kh8 31.Ne5 Ne6 32.Rd1 Rg8 33.Nxc6 1-0

[Event "subzonal 8A"]
[Site "Pinar del Rio CUB"]
[Date "1990.01.??"]
[Round "2"]
[White "Sariego Figueredo, Wilfredo"]
[Black "Paneque Martin, Pedro"]
[Result "1-0"]
[WhiteElo "2405"]
[BlackElo "2380"]
[EventDate "1990.01.15"]
[PlyCount "123"]

1.e4 e6 2.d4 d5 3.Nc3 Bb4 4.Bd3 c5 5.exd5 exd5 6.dxc5 Nc6 7.Nf3 Bxc5 8.O-O
Nge7 9.h3 O-O 10.a3 f6 11.Re1 Ne5 12.Nxe5 fxe5 13.Rxe5 Qd6 14.Re2 Bxh3 15.
Ne4 Qg6 16.Ng5 Bf5 17.Nh3 Be4 18.Bg5 Rf5 19.Bxe4 dxe4 20.Bxe7 Bxe7 21.Rxe4
Bc5 22.Qe2 Raf8 23.Rf1 Bb6 24.Re6 Qf7 25.Re7 Qf6 26.Qe6+ Qxe6 27.Rxe6 g5 
28.g3 Rb5 29.b3 Rc5 30.Re2 h6 31.Rd1 Rf7 32.Rd3 Kg7 33.Kg2 Rcf5 34.c4 Bc7 
35.g4 R5f6 36.f3 Ra6 37.a4 Kg6 38.Rde3 Rff6 39.Nf2 Bf4 40.Rd3 Rab6 41.c5 
Rbc6 42.Ne4 Rfe6 43.Rc2 a5 44.Rc4 h5 45.gxh5+ Kxh5 46.Rd5 Kg6 47.Nxg5 Re5 
48.Rxe5 Bxe5 49.Ne4 Kf5 50.Kf2 Rh6 51.Ke3 Bf4+ 52.Kd4 Rh3 53.Nd6+ Bxd6 54.
cxd6 Ke6 55.Rc7 b6 56.d7 Rh4+ 57.f4 Ke7 58.Ke4 Rh1 59.Rb7 Rh6 60.f5 Rc6 
61.Ke5 Rc5+ 62.Kf4 1-0

[Event "subzonal 8A"]
[Site "Pinar del Rio CUB"]
[Date "1990.01.??"]
[Round "3"]
[White "Borges Matos, Juan"]
[Black "Rodriguez Cespedes, Amador"]
[Result "1/2-1/2"]
[WhiteElo "2500"]
[BlackElo "2495"]
[EventDate "1990.01.15"]
[PlyCount "48"]

1.d4 Nf6 2.c4 e6 3.Nf3 b6 4.g3 Ba6 5.Qa4 Bb7 6.Bg2 c5 7.O-O cxd4 8.Nxd4 
Bxg2 9.Kxg2 Qc7 10.f3 a6 11.Rd1 Qb7 12.Nc3 Be7 13.e4 O-O 14.Be3 d6 15.Qc2 
Rc8 16.Qe2 Nc6 17.Rac1 Rc7 18.b3 Rac8 19.Nxc6 Rxc6 20.a4 Nd7 21.Bd4 R6c7 
22.h4 Bf8 23.Qb2 Ne5 24.Qf2 Nd7 1/2-1/2

[Event "subzonal 8A"]
[Site "Pinar del Rio CUB"]
[Date "1990.01.??"]
[Round "3"]
[White "Hook, William"]
[Black "Sariego Figueredo, Wilfredo"]
[Result "0-1"]
[WhiteElo "2215"]
[BlackElo "2405"]
[EventDate "1990.01.15"]
[PlyCount "56"]

1.Nf3 d5 2.b3 Nc6 3.e3 e5 4.Bb5 Bd6 5.d4 e4 6.Ng1 Qg5 7.Bf1 Nf6 8.Ba3 Bxa3
9.Nxa3 a6 10.Qd2 O-O 11.c4 Ne7 12.cxd5 Nfxd5 13.Rc1 Bg4 14.g3 Rad8 15.Bg2 
Nc6 16.Rc5 Qe7 17.Nb1 Ncb4 18.Kf1 b6 19.Rc4 b5 20.Rc5 Nd3 21.Rc2 N5b4 22.
Rc3 c5 23.Ne2 Qf6 24.Nf4 Nxf4 25.gxf4 cxd4 26.Rc1 dxe3 27.Qxe3 Nd3 28.Rc7 
Nxf4 0-1

[Event "subzonal 8A"]
[Site "Pinar del Rio CUB"]
[Date "1990.01.??"]
[Round "3"]
[White "Santana Otero, Orlando"]
[Black "Arencibia Rodriguez, Walter"]
[Result "0-1"]
[WhiteElo "2270"]
[BlackElo "2425"]
[EventDate "1990.01.15"]
[PlyCount "110"]

1.e4 e6 2.d4 d5 3.e5 c5 4.c3 Ne7 5.Na3 Nec6 6.Nc2 Nd7 7.Nf3 f6 8.exf6 Nxf6
9.Bd3 c4 10.Be2 Bd6 11.Bg5 O-O 12.O-O Qc7 13.Bh4 Ne4 14.Bg3 Nxg3 15.hxg3 
Bd7 16.Qd2 b5 17.a3 a5 18.Rfe1 b4 19.axb4 axb4 20.Ne3 Na5 21.Qc2 Be8 22.
Ng5 Bg6 23.Qa4 Qe7 24.f4 h6 25.Nf3 Qb7 26.Qd1 bxc3 27.bxc3 Qb2 28.Qd2 Qxd2
29.Nxd2 Nb3 30.Rxa8 Rxa8 31.Ndxc4 dxc4 32.Bxc4 Nd2 33.Bxe6+ Kf8 34.Nc4 
Nxc4 35.Bxc4 Bf5 36.Bd5 Ra3 37.Re3 Bc7 38.Kf2 Bb6 39.Bf3 Ba5 40.g4 Bc2 41.
c4 Ra4 42.Bc6 Rxc4 43.Re8+ Kf7 44.Bd5+ Kxe8 45.Bxc4 Ke7 46.Be2 Bd2 47.g5 
hxg5 48.fxg5 Be4 49.Bf3 Bxf3 50.Kxf3 Bxg5 51.Kf2 Ke6 52.Kg1 Kd5 53.Kh1 
Kxd4 54.Kg1 Ke3 55.Kh2 Kf2 0-1

[Event "subzonal 8A"]
[Site "Pinar del Rio CUB"]
[Date "1990.01.??"]
[Round "4"]
[White "Arencibia Rodriguez, Walter"]
[Black "Paneque Martin, Pedro"]
[Result "0-1"]
[WhiteElo "2425"]
[BlackElo "2380"]
[EventDate "1990.01.15"]
[PlyCount "46"]

1.Nf3 Nf6 2.c4 g6 3.b4 Bg7 4.Bb2 d6 5.d4 Nbd7 6.e3 O-O 7.Nc3 e5 8.Be2 e4 
9.Nd2 Re8 10.Qc2 d5 11.g4 a5 12.b5 c5 13.bxc6 bxc6 14.g5 Nh5 15.Rg1 Ba6 
16.Bxh5 gxh5 17.cxd5 Bd3 18.Qd1 c5 19.dxc5 Rb8 20.Qc1 Nxc5 21.Nb3 Qd6 22.
Nd1 Nxb3 23.axb3 Rec8 0-1

[Event "subzonal 8A"]
[Site "Pinar del Rio CUB"]
[Date "1990.01.??"]
[Round "4"]
[White "Borges Matos, Juan"]
[Black "Santana Otero, Orlando"]
[Result "1-0"]
[WhiteElo "2500"]
[BlackElo "2270"]
[EventDate "1990.01.15"]
[PlyCount "31"]

1.Nf3 Nf6 2.c4 g6 3.Nc3 Bg7 4.g3 O-O 5.Bg2 d6 6.d4 Nbd7 7.O-O c6 8.b3 e5 
9.Ba3 exd4 10.Nxd4 Ne5 11.Qd2 Re8 12.Rad1 Bf8 13.h3 Qb6 14.Kh2 Be6 15.f4 
Rad8 16.Nxe6 1-0

[Event "subzonal 8A"]
[Site "Pinar del Rio CUB"]
[Date "1990.01.??"]
[Round "4"]
[White "Rodriguez Cespedes, Amador"]
[Black "Diaz Diaz, Joaquin"]
[Result "1-0"]
[WhiteElo "2495"]
[BlackElo "2410"]
[EventDate "1990.01.15"]
[PlyCount "59"]

1.e4 e6 2.d4 d5 3.Nc3 Bb4 4.e5 Ne7 5.a3 Bxc3+ 6.bxc3 c5 7.Qg4 O-O 8.Bd3 
Nd7 9.Nf3 f5 10.Qh3 Nb6 11.O-O c4 12.Be2 Na4 13.Bd2 Ng6 14.Kh1 Bd7 15.Rg1 
Qe7 16.Qg3 Be8 17.h4 Nh8 18.Ng5 Nf7 19.Nh3 Kh8 20.Nf4 Nh6 21.Qh3 Bd7 22.h5
Rf7 23.g3 Re8 24.Rg2 Qd8 25.Rag1 Nb6 26.g4 fxg4 27.Bxg4 Nf5 28.Bxf5 exf5 
29.Rg5 Qc8 30.Qg3 1-0

[Event "subzonal 8A"]
[Site "Pinar del Rio CUB"]
[Date "1990.01.??"]
[Round "5"]
[White "Diaz Diaz, Joaquin"]
[Black "Sariego Figueredo, Wilfredo"]
[Result "1/2-1/2"]
[WhiteElo "2410"]
[BlackElo "2405"]
[EventDate "1990.01.15"]
[PlyCount "42"]

1.e4 d5 2.exd5 Nf6 3.d4 Nxd5 4.Nf3 g6 5.Bc4 Bg7 6.O-O O-O 7.Bb3 Nc6 8.c3 
Bf5 9.Re1 h6 10.Nbd2 e6 11.Nc4 Rc8 12.Ne3 Nxe3 13.fxe3 Na5 14.e4 Bg4 15.
Be3 b6 16.Qd2 Kh7 17.Qf2 Bxf3 18.Qxf3 c5 19.Rad1 cxd4 20.Bxd4 Qe7 21.Rd2 
Nc6 1/2-1/2

[Event "subzonal 8A"]
[Site "Pinar del Rio CUB"]
[Date "1990.01.??"]
[Round "5"]
[White "Hook, William"]
[Black "Arencibia Rodriguez, Walter"]
[Result "0-1"]
[WhiteElo "2215"]
[BlackElo "2425"]
[EventDate "1990.01.15"]
[PlyCount "66"]

1.d4 Nf6 2.c4 g6 3.Nc3 d5 4.Nf3 Bg7 5.Qb3 dxc4 6.Qxc4 O-O 7.e4 a6 8.Bf4 b5
9.Qb3 c5 10.dxc5 Bb7 11.Rd1 Qa5 12.Bd2 Qc7 13.Nd5 Nxd5 14.exd5 Qxc5 15.Bb4
Qc7 16.Be2 Rd8 17.Ng5 Qe5 18.f4 Qxb2 19.Qxb2 Bxb2 20.Bf3 a5 21.Bxe7 Re8 
22.d6 Bxf3 23.Nxf3 Nc6 24.Kf2 Nxe7 25.dxe7 Bf6 26.Rhe1 Rxe7 27.Rxe7 Bxe7 
28.Rd5 b4 29.Ne5 a4 30.Nc6 Bf8 31.Rb5 b3 32.Nd4 bxa2 33.Nc2 Rc8 0-1

[Event "subzonal 8A"]
[Site "Pinar del Rio CUB"]
[Date "1990.01.??"]
[Round "5"]
[White "Paneque Martin, Pedro"]
[Black "Borges Matos, Juan"]
[Result "1-0"]
[WhiteElo "2380"]
[BlackElo "2500"]
[EventDate "1990.01.15"]
[PlyCount "59"]

1.e4 c5 2.Nf3 e6 3.d4 cxd4 4.Nxd4 Nf6 5.Nc3 d6 6.Be3 a6 7.Qd2 b5 8.f3 Be7 
9.g4 Qc7 10.O-O-O O-O 11.h4 Nc6 12.Nxc6 Qxc6 13.Ne2 Rb8 14.g5 Nd7 15.Nd4 
Qc7 16.g6 Ne5 17.h5 Bf6 18.gxh7+ Kh8 19.h6 g6 20.Bg5 Qe7 21.Bxf6+ Qxf6 22.
f4 Nc4 23.Bxc4 bxc4 24.e5 dxe5 25.Nc6 c3 26.Qxc3 Qxf4+ 27.Kb1 Rb5 28.Rhf1 
Qg5 29.Qh3 Qxh6 30.Rd8 1-0

[Event "subzonal 8A"]
[Site "Pinar del Rio CUB"]
[Date "1990.01.??"]
[Round "5"]
[White "Santana Otero, Orlando"]
[Black "Rodriguez Cespedes, Amador"]
[Result "0-1"]
[WhiteElo "2270"]
[BlackElo "2495"]
[EventDate "1990.01.15"]
[PlyCount "74"]

1.e4 c5 2.Nf3 d6 3.d4 cxd4 4.Nxd4 Nf6 5.Nc3 Nc6 6.Be3 Ng4 7.Qd2 Nxe3 8.
Qxe3 e6 9.f4 Be7 10.Bc4 O-O 11.O-O-O a6 12.Kb1 Nxd4 13.Qxd4 b5 14.Bb3 Rb8 
15.f5 a5 16.a3 b4 17.axb4 axb4 18.Ne2 Qa5 19.Nc1 exf5 20.exf5 Bxf5 21.Rhe1
Bf6 22.Qd5 Qxd5 23.Rxd5 Be5 24.Nd3 Be6 25.Nxe5 Bxd5 26.Nd7 Bxb3 27.Nxb8 
Rxb8 28.cxb3 Kf8 29.Re4 Rb5 30.Kc2 f5 31.Re6 Rd5 32.g4 fxg4 33.Re4 h5 34.
Rxb4 Kf7 35.Rf4+ Ke6 36.b4 Rf5 37.Re4+ Kd5 0-1

[Event "subzonal 8A"]
[Site "Pinar del Rio CUB"]
[Date "1990.01.??"]
[Round "6"]
[White "Borges Matos, Juan"]
[Black "Hook, William"]
[Result "1-0"]
[WhiteElo "2500"]
[BlackElo "2215"]
[EventDate "1990.01.15"]
[PlyCount "65"]

1.d4 Nf6 2.c4 g6 3.Nc3 Bg7 4.Nf3 O-O 5.h3 d6 6.Bf4 Nbd7 7.e3 b6 8.Be2 Bb7 
9.O-O Re8 10.Qc2 e5 11.Bg5 h6 12.Bh4 c6 13.Rac1 Qe7 14.Rfd1 Qe6 15.a4 a6 
16.b4 Bf8 17.a5 e4 18.d5 Qe7 19.dxc6 Bxc6 20.Nd4 Bb7 21.Nd5 Qd8 22.Bxf6 
Nxf6 23.Nxb6 Rb8 24.c5 Qc7 25.c6 Bc8 26.b5 axb5 27.Nxb5 Qe7 28.Nxd6 Qxd6 
29.Rxd6 Bxd6 30.c7 Rb7 31.Nxc8 Rxc8 32.Ba6 Rcxc7 33.Bxb7 1-0

[Event "subzonal 8A"]
[Site "Pinar del Rio CUB"]
[Date "1990.01.??"]
[Round "6"]
[White "Hernandez Sevillano, Gustavo"]
[Black "Diaz Diaz, Joaquin"]
[Result "1/2-1/2"]
[WhiteElo "2210"]
[BlackElo "2410"]
[EventDate "1990.01.15"]
[PlyCount "103"]

1.Nf3 d5 2.d4 Nf6 3.c4 e6 4.Nc3 Be7 5.Bg5 O-O 6.e3 h6 7.Bh4 b6 8.Be2 Bb7 
9.Bxf6 Bxf6 10.cxd5 exd5 11.b4 c5 12.bxc5 bxc5 13.Rb1 Bc6 14.Bb5 Qd6 15.
O-O Rd8 16.Qa4 cxd4 17.Nxd4 Bxd4 18.Qxd4 Qe6 19.Be2 Nd7 20.Nb5 Bxb5 21.
Rxb5 Nf6 22.Rd1 Rd7 23.Ra5 Qe7 24.Bd3 Rb8 25.h3 Rc7 26.Ra4 Rc5 27.Rb4 Rxb4
28.Qxb4 Qc7 29.Rb1 Nd7 30.Qd4 g6 31.f4 Nf8 32.f5 g5 33.Rf1 Nd7 34.h4 Qe5 
35.hxg5 hxg5 36.Rb1 Qxd4 37.exd4 Ra5 38.Rb7 Nf6 39.Rb2 Ra4 40.Bc2 Rxd4 41.
Rb7 Rd2 42.Bb3 a5 43.Rb5 g4 44.g3 d4 45.Rb7 Ne4 46.Rxf7 a4 47.Bd5 Rd1+ 48.
Kg2 Rd2+ 49.Kg1 Nc3 50.Bc4 Rd1+ 51.Kg2 Rd2+ 52.Kg1 1/2-1/2

[Event "subzonal 8A"]
[Site "Pinar del Rio CUB"]
[Date "1990.01.??"]
[Round "6"]
[White "Rodriguez Cespedes, Amador"]
[Black "Sariego Figueredo, Wilfredo"]
[Result "1-0"]
[WhiteElo "2495"]
[BlackElo "2405"]
[EventDate "1990.01.15"]
[PlyCount "93"]

1.e4 d5 2.exd5 Nf6 3.d4 Nxd5 4.Nf3 g6 5.Bc4 Bg7 6.O-O O-O 7.Bb3 Nc6 8.c3 
h6 9.Re1 e6 10.Nbd2 b6 11.Nc4 Bb7 12.Bd2 Nce7 13.Nce5 Rc8 14.Qe2 Nf5 15.
Rad1 Kh7 16.Bc2 Nf6 17.c4 Bxf3 18.Nxf3 Qd6 19.Bc3 c6 20.Ne5 Qb8 21.g4 Ne7 
22.h4 Kg8 23.Qf3 Rc7 24.Bd2 c5 25.Bf4 cxd4 26.Rxd4 Qb7 27.Qd3 b5 28.b3 
bxc4 29.bxc4 Nc6 30.Nxc6 Rxc6 31.Be5 h5 32.Bxf6 Bxf6 33.Rd7 Qb4 34.Re4 Qc3
35.Qe2 Rb6 36.Re3 Qa1+ 37.Kg2 hxg4 38.Qxg4 Rd8 39.Rxd8+ Bxd8 40.h5 Qxa2 
41.Bxg6 fxg6 42.Qxg6+ Kf8 43.Rf3+ Ke7 44.Rd3 Qb2 45.Qh7+ Kf6 46.Rxd8 Rb7 
47.Qh6+ 1-0

[Event "subzonal 8A"]
[Site "Pinar del Rio CUB"]
[Date "1990.01.??"]
[Round "6"]
[White "Santana Otero, Orlando"]
[Black "Paneque Martin, Pedro"]
[Result "0-1"]
[WhiteElo "2270"]
[BlackElo "2380"]
[EventDate "1990.01.15"]
[PlyCount "102"]

1.e4 e6 2.d4 d5 3.e5 c5 4.c3 Nc6 5.Nf3 Qb6 6.a3 Bd7 7.b4 cxd4 8.cxd4 Rc8 
9.Bb2 Na5 10.Nbd2 Nc4 11.Bxc4 dxc4 12.Bc3 Ne7 13.Ne4 Nd5 14.Nfd2 Be7 15.
Qg4 O-O 16.h4 f5 17.exf6 Bxf6 18.Nf3 Nxc3 19.Nxc3 Bc6 20.Rd1 Bxf3 21.gxf3 
Rcd8 22.O-O Rxd4 23.Rxd4 Bxd4 24.Ne4 e5 25.h5 Qc7 26.Qe6+ Qf7 27.Qxf7+ 
Rxf7 28.Nd6 Rxf3 29.Nxc4 b5 30.Kg2 Rc3 31.Nd6 a6 32.Rd1 Rc2 33.Ne4 Re2 34.
Kf3 Ra2 35.Rd3 Kf7 36.Kg4 Ke6 37.f3 Rg2+ 38.Kh3 Rg1 39.Nc5+ Kf5 40.Nxa6 
Kf4 41.Nc7 Rg3+ 42.Kh2 Rxf3 43.Rxf3+ Kxf3 44.Nxb5 Bf2 45.a4 g5 46.hxg6 
hxg6 47.Nd6 e4 48.Nxe4 Kxe4 49.a5 Kf3 50.b5 g5 51.b6 g4 0-1

[Event "subzonal 8A"]
[Site "Pinar del Rio CUB"]
[Date "1990.01.??"]
[Round "7"]
[White "Diaz Diaz, Joaquin"]
[Black "Arencibia Rodriguez, Walter"]
[Result "0-1"]
[WhiteElo "2410"]
[BlackElo "2425"]
[EventDate "1990.01.15"]
[PlyCount "91"]

1.e4 e6 2.d4 d5 3.Nc3 Bb4 4.e5 c5 5.a3 Ba5 6.Bd2 Nc6 7.Nb5 Nxd4 8.Nxd4 
cxd4 9.Bxa5 Qxa5+ 10.Qd2 Qxd2+ 11.Kxd2 f6 12.f4 fxe5 13.fxe5 Nh6 14.Nf3 
O-O 15.Nxd4 Rf2+ 16.Ke1 Rf4 17.Nf3 Bd7 18.Rd1 Ng4 19.Rd2 Raf8 20.h3 Re4+ 
21.Kd1 Nxe5 22.Nxe5 Rxe5 23.Be2 Rf2 24.Bf3 Rxd2+ 25.Kxd2 Kf7 26.Rc1 Bb5 
27.b3 Ba6 28.c3 Rf5 29.Ke3 Ke7 30.Rd1 b6 31.Rd4 Bb7 32.Rd2 Bc8 33.Rd4 Bd7 
34.c4 dxc4 35.Rxc4 Ra5 36.a4 Rc5 37.Rxc5 bxc5 38.Be4 h6 39.g3 Kd6 40.Bg6 
e5 41.h4 c4 42.Bc2 cxb3 43.Bxb3 Bc6 44.Kd3 Kc5 45.a5 g5 46.a6 0-1

[Event "subzonal 8A"]
[Site "Pinar del Rio CUB"]
[Date "1990.01.??"]
[Round "7"]
[White "Hook, William"]
[Black "Santana Otero, Orlando"]
[Result "0-1"]
[WhiteElo "2215"]
[BlackElo "2270"]
[EventDate "1990.01.15"]
[PlyCount "100"]

1.d4 Nf6 2.c4 g6 3.Nc3 Bg7 4.g3 O-O 5.Bg2 d6 6.Nf3 Nc6 7.O-O a6 8.h3 Rb8 
9.Be3 b5 10.cxb5 axb5 11.Nd2 Bb7 12.Rc1 Na5 13.b4 Bxg2 14.Kxg2 Nc4 15.Bg5 
c6 16.Bxf6 Bxf6 17.Nce4 Bg7 18.e3 Qb6 19.a4 Nxd2 20.a5 Qb7 21.Qxd2 c5 22.
d5 cxb4 23.Rc6 f5 24.Ng5 Bc3 25.Qd3 Qa8 26.Rc1 Qxa5 27.Ne6 Rf6 28.g4 fxg4 
29.hxg4 Qa8 30.Nc7 Qa3 31.Rc2 Be1 32.Qe4 Rf7 33.Ne6 Bc3 34.Ng5 Qa7 35.Qe6 
Rf8 36.Rc8 Kg7 37.Rxf8 Rxf8 38.f4 Rf6 39.Qc8 Qxe3 40.Ne6+ Rxe6 41.Qxe6 
Qxe6 42.dxe6 Kf6 43.Kf3 Kxe6 44.Ke4 d5+ 45.Kd3 Kf6 46.Ra2 h6 47.Ra6+ Kg7 
48.g5 d4 49.Kc2 Kf7 50.Ra8 h5 0-1

[Event "subzonal 8A"]
[Site "Pinar del Rio CUB"]
[Date "1990.01.??"]
[Round "7"]
[White "Paneque Martin, Pedro"]
[Black "Rodriguez Cespedes, Amador"]
[Result "1/2-1/2"]
[WhiteElo "2380"]
[BlackElo "2495"]
[EventDate "1990.01.15"]
[PlyCount "22"]

1.e4 c6 2.d4 d5 3.Nd2 dxe4 4.Nxe4 Nd7 5.Nf3 Ngf6 6.Nxf6+ Nxf6 7.Bc4 Bf5 8.
O-O e6 9.h3 Be7 10.Re1 O-O 11.c3 c5 1/2-1/2

[Event "subzonal 8A"]
[Site "Pinar del Rio CUB"]
[Date "1990.01.??"]
[Round "7"]
[White "Sariego Figueredo, Wilfredo"]
[Black "Hernandez Sevillano, Gustavo"]
[Result "1-0"]
[WhiteElo "2405"]
[BlackElo "2210"]
[EventDate "1990.01.15"]
[PlyCount "91"]

1.e4 e5 2.Bc4 Nf6 3.d3 Nc6 4.Nf3 h6 5.O-O d6 6.c3 g6 7.Bb3 Bg7 8.Nbd2 O-O 
9.Re1 Kh8 10.Nf1 Nh7 11.Ng3 Bd7 12.Bc2 Qf6 13.h3 Nd8 14.d4 Qe7 15.Be3 Ne6 
16.Qd2 h5 17.Rad1 Rad8 18.b4 Bf6 19.d5 Nf4 20.Bxf4 exf4 21.Ne2 g5 22.Nfd4 
Be5 23.Nf5 Qf6 24.Rf1 Rg8 25.g4 Nf8 26.f3 Ng6 27.Kf2 Ne7 28.Rh1 Nxf5 29.
exf5 h4 30.c4 c6 31.Be4 Rc8 32.Rc1 c5 33.Kg2 a6 34.Bd3 b5 35.bxc5 dxc5 36.
Nc3 b4 37.Ne4 Qb6 38.Rhe1 f6 39.Re2 a5 40.Bb1 a4 41.Qd3 Bd4 42.Rce1 Rce8 
43.Nxg5 Rxe2+ 44.Qxe2 Be3 45.Ne6 Qd6 46.Qb2 1-0

[Event "subzonal 8A"]
[Site "Pinar del Rio CUB"]
[Date "1990.01.??"]
[Round "8"]
[White "Arencibia Rodriguez, Walter"]
[Black "Sariego Figueredo, Wilfredo"]
[Result "1/2-1/2"]
[WhiteElo "2425"]
[BlackElo "2405"]
[EventDate "1990.01.15"]
[PlyCount "23"]

1.e4 e5 2.Nf3 Nf6 3.Nxe5 d6 4.Nf3 Nxe4 5.Qe2 Qe7 6.d3 Nf6 7.Bg5 Qxe2+ 8.
Bxe2 Be7 9.Nc3 c6 10.O-O-O Na6 11.Rhe1 Nc7 12.h3 1/2-1/2

[Event "subzonal 8A"]
[Site "Pinar del Rio CUB"]
[Date "1990.01.??"]
[Round "8"]
[White "Borges Matos, Juan"]
[Black "Diaz Diaz, Joaquin"]
[Result "0-1"]
[WhiteElo "2500"]
[BlackElo "2410"]
[EventDate "1990.01.15"]
[PlyCount "86"]

1.d4 d5 2.c4 e6 3.Nc3 Be7 4.Nf3 Nf6 5.Bg5 O-O 6.e3 h6 7.Bxf6 Bxf6 8.Qd2 b6
9.Rd1 Bb7 10.cxd5 exd5 11.g3 Re8 12.Bg2 Nd7 13.Ng1 c6 14.Nge2 Be7 15.O-O 
Nf6 16.a3 a5 17.Qc2 Bd6 18.Rc1 Rb8 19.Rfd1 Qe7 20.Rd2 Bc8 21.Nf4 Bxf4 22.
exf4 Ba6 23.Bf1 Bxf1 24.Rxf1 Qd7 25.Kg2 c5 26.a4 c4 27.f3 Re7 28.Rff2 Ne8 
29.Rfe2 Rxe2+ 30.Rxe2 Nc7 31.Re5 f6 32.Re1 b5 33.axb5 Nxb5 34.Qa4 Qb7 35.
Re2 Nxc3 36.bxc3 Qb5 37.Qxb5 Rxb5 38.Re6 Rb2+ 39.Kh3 Rb3 40.Ra6 Ra3 41.f5 
a4 42.Ra5 Rxc3 43.Rxd5 Rb3 0-1

[Event "subzonal 8A"]
[Site "Pinar del Rio CUB"]
[Date "1990.01.??"]
[Round "8"]
[White "Paneque Martin, Pedro"]
[Black "Hook, William"]
[Result "1-0"]
[WhiteElo "2380"]
[BlackElo "2215"]
[EventDate "1990.01.15"]
[PlyCount "79"]

1.e4 e6 2.d4 d5 3.Nc3 Bb4 4.a3 Bxc3+ 5.bxc3 dxe4 6.Qg4 Nf6 7.Qxg7 Rg8 8.
Qh6 c5 9.Ne2 Nbd7 10.Bb2 cxd4 11.cxd4 Qa5+ 12.Qd2 Qxd2+ 13.Kxd2 b5 14.a4 
b4 15.Ng3 Nb6 16.a5 Nbd5 17.Re1 Rg4 18.f3 exf3 19.gxf3 Rf4 20.Bg2 Ba6 21.
Ne4 Nxe4+ 22.Rxe4 Kd7 23.Bf1 Bxf1 24.Rxf1 Rg8 25.Kd3 f5 26.Re2 Rh4 27.Kc4 
Rh3 28.Kb3 Rh6 29.Bc1 Rhg6 30.Rfe1 Rc8 31.Bd2 Rc6 32.Bxb4 Nxb4 33.Kxb4 Rg8
34.c4 Rb8+ 35.Kc3 Rbc8 36.c5 Rg8 37.Rb1 Kc7 38.Reb2 Kd7 39.Kc4 Rgc8 40.Rg1
1-0

[Event "subzonal 8A"]
[Site "Pinar del Rio CUB"]
[Date "1990.01.??"]
[Round "8"]
[White "Rodriguez Cespedes, Amador"]
[Black "Hernandez Sevillano, Gustavo"]
[Result "1-0"]
[WhiteElo "2495"]
[BlackElo "2210"]
[EventDate "1990.01.15"]
[PlyCount "45"]

1.e4 e5 2.Nf3 Nf6 3.d4 Nxe4 4.Bd3 d5 5.Nxe5 Nd7 6.Nxd7 Bxd7 7.O-O Qh4 8.c4
O-O-O 9.c5 g5 10.Nc3 Bg7 11.Ne2 f5 12.f3 Rhf8 13.Qe1 Qh5 14.fxe4 dxe4 15.
Bc4 f4 16.c6 Bxc6 17.Qa5 Qg4 18.h3 Qd7 19.Qxg5 Rf5 20.Qg4 Bxd4+ 21.Nxd4 
Qxd4+ 22.Kh2 Bd7 23.Bxf4 1-0

[Event "subzonal 8A"]
[Site "Pinar del Rio CUB"]
[Date "1990.01.??"]
[Round "9"]
[White "Diaz Diaz, Joaquin"]
[Black "Santana Otero, Orlando"]
[Result "1-0"]
[WhiteElo "2410"]
[BlackElo "2270"]
[EventDate "1990.01.15"]
[PlyCount "91"]

1.e4 c5 2.Nf3 d6 3.d4 cxd4 4.Nxd4 Nf6 5.Nc3 a6 6.Be3 e6 7.Qd2 Be7 8.f3 Nc6
9.Bd3 Qc7 10.g4 Nd7 11.O-O-O Nxd4 12.Bxd4 Ne5 13.Be2 O-O 14.f4 Nc4 15.Bxc4
Qxc4 16.f5 e5 17.Bb6 Bd7 18.Kb1 Rfc8 19.Nd5 Bf8 20.Rhe1 Be8 21.f6 g6 22.
Be3 Bc6 23.Nb6 Qe6 24.Bh6 Bxh6 25.Qxh6 Qxf6 26.Qd2 Rab8 27.Nxc8 Rxc8 28.
Qxd6 Qf4 29.Qe7 Bxe4 30.Rd8+ Rxd8 31.Qxd8+ Kg7 32.g5 Qxh2 33.Qf6+ Kg8 34.
Qd8+ Kg7 35.Qc7 h6 36.gxh6+ Kxh6 37.Qxf7 Qxc2+ 38.Ka1 Qc8 39.Qf6 Qf5 40.
Qh8+ Kg5 41.Rg1+ Kf4 42.Qh4+ Ke3 43.Qe1+ Kd4 44.Qc3+ Kd5 45.Rd1+ Ke6 46.
Qc8+ 1-0

[Event "subzonal 8A"]
[Site "Pinar del Rio CUB"]
[Date "1990.01.??"]
[Round "9"]
[White "Hernandez Sevillano, Gustavo"]
[Black "Arencibia Rodriguez, Walter"]
[Result "0-1"]
[WhiteElo "2210"]
[BlackElo "2425"]
[EventDate "1990.01.15"]
[PlyCount "79"]

1.Nf3 d5 2.d4 Nf6 3.c4 e6 4.Nc3 Nbd7 5.Bg5 Bb4 6.cxd5 exd5 7.e3 c5 8.Bd3 
c4 9.Bf5 Qa5 10.Qc2 O-O 11.O-O Re8 12.Nd2 g6 13.Bh3 Bxc3 14.Qxc3 Qxc3 15.
bxc3 Ne4 16.Nxe4 dxe4 17.Bxd7 Bxd7 18.a4 a5 19.Rfb1 Bc6 20.d5 Bxd5 21.Rb5 
Bc6 22.Rc5 Re6 23.Rxc4 Rd6 24.Bf4 Rd3 25.Bc7 Ra6 26.Rb1 Rd7 27.Be5 Rb6 28.
Ra1 Rb2 29.h3 f5 30.Bd4 Rd5 31.Rc5 Rxc5 32.Bxc5 Rb3 33.Rd1 Bxa4 34.Rd8+ 
Kf7 35.Bd4 Be8 36.Rc8 a4 37.Rc7+ Ke6 38.Rxh7 a3 39.c4 a2 40.Rh8 0-1

[Event "subzonal 8A"]
[Site "Pinar del Rio CUB"]
[Date "1990.01.??"]
[Round "9"]
[White "Hook, William"]
[Black "Rodriguez Cespedes, Amador"]
[Result "0-1"]
[WhiteElo "2215"]
[BlackElo "2495"]
[EventDate "1990.01.15"]
[PlyCount "62"]

1.Nf3 Nf6 2.g3 b6 3.Bg2 Bb7 4.O-O c5 5.b3 e6 6.Bb2 Be7 7.c4 d5 8.cxd5 exd5
9.d4 O-O 10.Nc3 Na6 11.e3 Re8 12.Rc1 Rc8 13.Ne5 Nc7 14.dxc5 bxc5 15.Na4 
Ne6 16.Qc2 Rc7 17.Rfd1 Qa8 18.Bc3 d4 19.Bxb7 Qxb7 20.Ba5 Rcc8 21.Qe2 Ng5 
22.h4 Nh3+ 23.Kh2 Bf8 24.f4 Nf2 25.Qxf2 Rxe5 26.Kg1 Rxe3 27.Be1 Rce8 28.
Qf1 Ne4 29.Qg2 Qd7 30.Nb2 Qg4 31.Nc4 Re2 0-1